pokemon that start with g - Statistics

General Stats
  • This quiz has been taken 4 times
  • The average score is 18 of 63
Answer Stats
Hint Answer % Correct
Gen I Gastly
100%
Gen I Gengar
100%
Gen I Geodude
100%
Gen I Golem
100%
Gen I Graveler
100%
Gen I Gyarados
100%
Gen IV Gabite
67%
Gen IV Garchomp
67%
Gen IV Gible
67%
Gen VI Gogoat
67%
Gen I Golbat
67%
Gen I Goldeen
67%
Gen VI Greninja
67%
Gen V Garbodor
33%
Gen IV Gastrodon
33%
Gen V Genesect
33%
Gen V Gigalith
33%
Gen II Girafarig
33%
Gen II Gligar
33%
Gen IV Gliscor
33%
Gen I Golduck
33%
Gen V Golett
33%
Gen V Golurk
33%
Gen VI Goodra
33%
Gen VI Goomy
33%
Gen VIII Gossifleur
33%
Gen V Gothita
33%
Gen V Gothitelle
33%
Gen V Gothorita
33%
Gen VI Gourgeist
33%
Gen I Grimer
33%
Gen VIII Grimmsnarl
33%
Gen IV Grotle
33%
Gen III Grovyle
33%
Gen I Growlithe
33%
Gen VII Guzzlord
33%
Gen IV Gallade
0%
Gen V Galvantula
0%
Gen III Gardevoir
0%
Gen IX Garganacl
0%
Gen IX Gholdengo
0%
Gen IV Giratina
0%
Gen IV Glaceon
0%
Gen III Glalie
0%
Gen IV Glameow
0%
Gen VIII Glastrier
0%
Gen IX Glimmet
0%
Gen IX Glimmora
0%
Gen I Gloom
0%
Gen VII Golisopod
0%
Gen III Gorebyss
0%
Gen IX Grafaiai
0%
Gen II Granbull
0%
Gen VIII Grapploct
0%
Gen IX Greavard
0%
Gen VIII Greedent
0%
Gen VIII Grookey
0%
Gen III Groudon
0%
Gen VII Grubbin
0%
Gen III Grumpig
0%
Gen III Gulpin
0%
Gen VII Gumshoos
0%
Gen V Gurdurr
0%
No matching quizzes found
Score Distribution
Percent of People with Each Score
Percentile by Number Answered
Your Score History
You have not taken this quiz